1232 1359 1264 1802 1129 1584 1149 1561 1244 1463 1602 1662 1194 1213 1319 1377 1066 1498 1900 1177 1047 1278 1432 1256 1279 1215 1264 1310 1686 1678 1598 1556 1792 1995 1353 1721 1932 1598 1838 1041 1573 1998 1134 1297 1830 1825 1030 1091 1435 1514 1258 1189 1233 1554 1641 1187 1852 1052 1491 1807 1325 1749 1012 1178 1928 1237 1928 1375 1214 1232 1525 1069 1604 1363 1472 1417 1802 1153 1006 1262 1024 1118 1926 1114 1423 1995 1767 1325 1185 1466 1859 1454 1048 1474 1939 1989 1235 1917 1601 BCNSPRNW ULIB Ver.6.0+V

เปลี่ยนเป็นภาษาไทย

Change to English
 แสดงรายละเอียดบรรณานุกรม
  กลับหน้าหลัก

Brief Record : Get Marc (ISO 2709) : E-mail record : QR code < ปิดหน้าต่าง
LEADER : 00000nam 2200000uu 4500
001    13399114434
003     ULIB
008    110627s||||||||th 000 0 tha d
020    9747319608
098    นว.^bม162ล
100 0  มนันยา
245 00 ลับลมคมนอก/^cมนันยา
250    พิมพ์ครั้งที่ 1
260    กรุงเทพฯ :^bสามสี,^c2544
300    216 หน้า
710 1  สามสี
945    ^p100^l0^i031544
995    ทศพร
999 ^a ใช้งานได้ทุกระบบ
รายการนี้ยังไม่มีแท็ก
คุณยังไม่ได้ล็อกอิน คุณสามารถมีกิจกรรมร่วมกับเว็บไซต์ได้ แต่ต้องล็อกอินก่อน ::
  ล็อกอิน

รายการสื่อสารสนเทศ

ลำดับที่ ประเภท เลขเรียก/บาร์โค้ด สถานที่ สถานะ
1. นวนิยาย
นวนิยาย
 ฉ.1 
  Barcode: 031544
ห้องสมุดวิทยาเขตสวรรค์ประชารักษ์
►นวนิยาย
บนชั้น
  ขอยืม

รายการใกล้เคียง
    ผู้แต่ง [มนันยา]

BibComment


ยังไม่เคยถูกคอมเมนท์

คอมเมนท์ทรัพยากรรายการนี้
  คอมเมนท์: ลับลมคมนอก มนันยา


 Copyright 2026. Bcnsprnw @Library